| 000 | 01236nam0a22003011 4500 | ||
|---|---|---|---|
| 001 | v19\rc\1820196 | ||
| 005 | 20250619132926.0 | ||
| 035 | _a(NLR Aleph) 004918186 | ||
| 090 |
_a5549572 _c5549572 |
||
| 100 | _a20071224e19071907|||y0rusy50 ca | ||
| 101 | 0 | _arus | |
| 102 | _aRU | ||
| 105 | _ay z ||||| | ||
| 200 | 1 |
_aО применении бактериологического метода при химическом исследовании _f[Соч.] В.Л. Омелянского |
|
| 210 |
_aСанкт-Петербург _cтипо-лит. М.П. Фроловой _d[1907] |
||
| 215 |
_a24 с. _d24 |
||
| 309 | _aБез тит. л. и обл. | ||
| 311 | _aИз № 4 "Журн. Рус. физ.-хим. о-ва". 1907 г. | ||
| 488 | 0 |
_12001#$aЖурнал Русского физико-химического общества$v1907 _tЖурнал Русского физико-химического общества |
|
| 700 | 1 |
_aОмелянский _bВ.Л. _f1867-1928 _gВасилий Леонидович |
|
| 801 | 0 |
_aRU _bNLR _gpsbo |
|
| 801 | 0 |
_aRU _bRuMoRGB _2psbo |
|
| 801 | 1 |
_aRU _bProSoft-M _2rusmarc |
|
| 852 |
_aNLR _j20.104.8.50 |
||
| 899 |
_aRuMoRGB _jU 6/1286 |
||
| 899 | _aБАН | ||
| 942 | _cBOOK | ||
| 980 | _aNB | ||